000 00858nam a2200253 i 4500
001 87645
003 ES-MaACL
005 20250901085319.0
007 t|
008 041222s1980 sp ||||1| spa d
020 _a84-206-2262-1
100 1 _aKuhn, Thomas S.
_968988
245 1 3 _aLa teoría del cuerpo negro y la discontinuidad cuántica, 1894-1912 /
_cThomas S. Kuhn ; versión de Miguel Paredes Larrucea.
260 _a[Madrid] :
_bAlianza Editorial,
_c[1980]
300 _a403 p. ;
_c20 cm.
490 1 _aAlianza universidad ;
_v262
504 _aBibliografía: p. 369-395.
650 0 4 _aMecánica cuántica-
_xHistoria.
_914876
650 7 _aRadiación de cuerpo negro
_2embne
_9164584
700 1 _aParedes Larrucea, Miguel.
_989050
830 1 _aAlianza universidad ;
_v262
_9177276
852 _aES-MaACL
_jF-5789
999 _c87645
_d87645